=LDR 00000nam 2200000 4500 =001 INLIS000000000008803 =005 20130612100629 =008 ***********************************Ind** =035 ##$$0010-061300000008803 =041 ##$$a Ind =082 ##$$a 658.403 =090 ##$$a 658.603, Sya pa =100 ##$$a Syamsi, Ibnu =245 ##$$a Pengambilan Keputusan dan sistem Inpormasi, Ibnu Syamsi =260 ##$$a 1995 $b Jakarta =300 ##$$a ix, 212 hlm, 21 cm =650 ##$$a Pengambilan Keputusan =850 ##$$a NBPNMAT